Countries of top 500 soccer players in 2018 - Statistics

General Stats
  • This quiz has been taken 217 times
  • The average score is 51 of 79
Answer Stats
Number of Players Answer % Correct
40 Brazil
99%
25 Argentina
98%
39 France
98%
38 Germany
97%
13 Portugal
97%
34 Spain
97%
11 England
94%
20 Italy
94%
8 United States
91%
15 Belgium
88%
9 Russia
88%
10 Japan
87%
5 Sweden
87%
17 Mexico
86%
2 Canada
85%
11 Netherlands
85%
14 Colombia
82%
11 Croatia
82%
3 Norway
82%
5 South Korea
82%
12 Uruguay
82%
1 Australia
81%
8 Chile
79%
8 Denmark
79%
4 Egypt
79%
5 Poland
78%
5 Austria
76%
6 Serbia
76%
9 Switzerland
76%
1 China
75%
2 Ukraine
75%
11 Morocco
74%
1 Finland
73%
2 Algeria
72%
2 Greece
72%
2 Slovakia
71%
3 Turkey
71%
6 Senegal
70%
6 Paraguay
69%
1 Slovenia
69%
2 Hungary
68%
1 Wales
68%
7 Peru
67%
4 Romania
67%
5 Czech Republic
64%
4 Ecuador
64%
4 Nigeria
63%
1 South Africa
63%
1 Bulgaria
61%
4 Cameroon
61%
3 Venezuela
61%
5 Iran
60%
3 Bosnia
59%
2 Costa Rica
59%
1 Ghana
59%
3 Iceland
56%
1 Albania
55%
2 Bolivia
55%
1 Saudi Arabia
53%
7 Ivory Coast
51%
1 Tunisia
51%
1 India
49%
1 Panama
48%
1 Jamaica
41%
1 Montenegro
41%
1 DR Congo
39%
2 Israel
38%
1 Gabon
32%
1 Armenia
31%
1 Qatar
29%
1 Togo
26%
1 Guinea
22%
1 Thailand
22%
1 Dominican Republic
20%
2 Syria
19%
1 Vietnam
19%
1 Zambia
18%
1 Philippines
10%
1 Cape Verde
7%
No matching quizzes found
Score Distribution
Percent of People with Each Score
Percentile by Number Answered
Your Score History
You have not taken this quiz